The Kangchenjunga adventure

Gardado en:
Detalles Bibliográficos
Autor Principal: Smythe, F. S. (Author)
Formato: Libro
Idioma:inglés
Publicado: Londres Victor Gollancz 1931
Edición:1a. ed
Subjects:
Tags: Engadir etiqueta
Sen Etiquetas, Sexa o primeiro en etiquetar este rexistro!

MARC

LEADER 00000nam a2200000 a 4500
001 UCJ5860
003 CL-VaPUC
008 070124e19310000UK |||||||||||||||||eng|d
082 0 4 |a 910.4  |b SMY  |2 21 
100 0 |a Smythe, F. S.  |e author  |9 511712 
245 1 4 |a The Kangchenjunga adventure 
250 |a 1a. ed 
300 |a 464 p 
942 |c BK 
945 |d 20070124 00:00:00  |a rinostro 
260 |a Londres  |b Victor Gollancz  |c 1931 
500 |a Fotografías según índice 
650 7 |a MONTAÑISMO  |2 CL-VaPUC  |9 384709 
650 7 |a LAMAS  |2 CL-VaPUC  |9 507141 
650 0 |a Población  |9 257577 
650 0 |a Cultura  |9 269059 
650 0 |a Ilustraciones  |9 369481 
651 7 |a HIMALAYAS  |2 CL-VaPUC  |9 511713 
651 7 |a TIBET  |2 CL-VaPUC  |9 324206 
583 |a last modification  |c 20070124 00:00:00  |k Rodrigo Vera 
999 |c 321968  |d 321966 
952 |0 0  |1 0  |4 0  |6 910_400000000000000_SMY_1931  |7 0  |8 X  |9 400866  |a FDOBUD  |b FDOBUD  |d 2019-11-22  |i 1040626  |o 910.4 SMY 1931  |p 1040626  |r 2019-11-22  |w 2019-11-22  |y BK_X  |k BUD